| 000 | 01294nab a22002537a 4500 | ||
|---|---|---|---|
| 999 |
_c5553 _d5553 |
||
| 003 | OSt | ||
| 005 | 20251218080119.0 | ||
| 008 | 190429b xxu||||| |||| 00| 0 spa d | ||
| 040 | _cPJ | ||
| 100 |
_96532 _aBaroni, Evangelina |
||
| 245 | 1 | 3 |
_aPrimer juicio oral por maltrato animal en la Ciudad Autónoma de Buenos Aires : _bhacia el reconocimiento de la dignidad de los demás animales / _cEvangelina Baroni, Matías N. Yohai. |
| 260 |
_cCiudad Autónoma de Buenos Aires : _aThomson Reuters La Ley, _b2025. |
||
| 300 | _ap. 20-29 | ||
| 500 | _aCita: TR LALEY AR/DOC/1883/2024 | ||
| 505 | _aSumario: I. Introducción.— II. Los hechos del caso.— III. La decisión.— IV. Análisis de los argumentos.— V. El estatus legal de los animales en nuestro ordenamiento.— VI. La cuestión penal.— VII. Corolar. | ||
| 505 | _tSi te interesa el texto completo, solicitalo a koha@justierradelfuego.gov.ar | ||
| 650 | 0 |
_9343 _aDERECHO PENAL |
|
| 650 | 0 |
_92348 _aPROCESO PENAL |
|
| 650 | 0 |
_96531 _aMALOS TRATOS A ANIMALES |
|
| 650 | 0 |
_92676 _aJUICIO ORAL |
|
| 700 |
_96533 _aYohai, Matías N. _ecoautor |
||
| 773 | 0 |
_02658 _93164 _tRevista de derecho penal y criminología. Nº 3 - Abril 2025 _dCiudad Autónoma de Buenos Aires : Thomson Reuters La Ley, 2017- _x00347914 |
|
| 942 |
_2udc _cANA |
||